000 00349 a2200157 4500
001 62266
020 _a0435277731
040 _cAnchieta - Pituba
100 _aMc Lean, Alan C.
240 1 0 _aThe missing Madonna
_lIng
245 1 0 _aThe missing Madonna
300 _a32
362 0 _a1991
650 4 _aLiteratura juvenil em inglês
942 _cBK
999 _c62266
_d62266